| 000 | 00795cam a22001814a 4500 | ||
|---|---|---|---|
| 005 | 20250605164401.0 | ||
| 008 | 250528s ||||||||||||||||||||||||d | ||
| 035 | _a24593 | ||
| 040 |
_aGR-AtMCL _bgre _dGR-AtMCL _eAACR2 |
||
| 245 | 1 | _aΟ Ψηφιακός Μετασχηματισμός είναι Σύμμαχος της Οικονομικής Διεύθυνσης | |
| 260 |
_bFinance Pro, _c2021 |
||
| 300 | _a66 | ||
| 520 | _aΟι CFOs Έχουν από Καιρό Αναδειχθεί Πρωταγωνιστές σε Πολλούς Στρατηγικούς Τομείς, Η Ελληνική Οικονομία Άντεξε στις Ισχυρότατες Πιέσεις. | ||
| 700 | 1 |
_aΔημοσθένους Γιώργιος _99487 |
|
| 942 | _cCR | ||
| 999 |
_c9463 _d9463 |
||